| 000 | 00747nam a2200205Ia 4500 | ||
|---|---|---|---|
| 003 | GCL | ||
| 008 | 140319s9999 xx 000 0 ara d | ||
| 040 |
_aGCL / _cGCL |
||
| 082 | 0 | 4 |
_a338.962 _bم س |
| 100 | 1 | _aملاك جرجس | |
| 245 | 1 | 0 |
_aسيكولوجية الشخصية المصرية ومعوقات التنمية / _cملاك جرجس |
| 260 |
_aالقاهرة : _bروز اليوسف ، _c1974 |
||
| 300 |
_a322 ص ؛ _c16 سم |
||
| 490 |
_aكتاب روزاليوسف _v0 |
||
| 650 | 0 | 4 | _aالشخصية المصرية |
| 650 | 0 | 4 | _aمصر - الاحوال الاقتصادية |
| 650 | 0 | 4 | _aمصر - التنمية الاقتصادية |
| 650 | 0 | 4 | _aالتنمية الاقتصادية-الاجتماعية |
| 942 |
_2ddc _cBK |
||
| 999 |
_c50802 _d50802 |
||